Les meilleurs Animé / MANGA - Statistiques

Statistiques générales
  • Ce quiz a été pris 91 fois
    87 depuis la dernière actualisation
  • Le résultat moyen est 25 sur 101
Statistiques - réponses
Indice Réponse Date de sortie % Correct
O ONE PIECE 1997
93%
D DRAGON BALL 1986
87%
N NARUTO 1999
87%
J JUJUTSU KAISEN 2019
73%
A ATTAQUE DES TITANS 2009
70%
B BLEACH 2004
67%
M MY HERO ACADEMIA 2014
67%
D DEMON SLAYER 2016
64%
H HUNTER X HUNTER 2013
64%
D DEATH NOTE 2004
61%
F FAIRY TAIL 2006
60%
A ASSASSINATION CLASSROOM 2012
52%
B BLUE LOCK 2018
49%
H HAIKYU 2012
49%
J JOJO'S BIZARRE ADVENTURE 1987
49%
O ONE PUNCH MAN 2012
49%
T TOKYO GHOUL 2012
49%
B BLACK CLOVER 2015
48%
P POKEMON 1997
46%
C CHAINSAW MAN 2018
39%
T TOKYO REVENGERS 2017
37%
F FIRE FORCE 2016
36%
S SWORD ART ONLINE 2009
36%
V VINLAND SAGA 2005
34%
C CODE GEASS 2008
33%
D DR STONE 2017
33%
F FOOD WARS 2013
31%
F FRIEREN 2020
31%
R RE ZERO 2014
30%
B BAKI 1992
28%
D DANDADAN 2021
28%
E EVANGELION 1995
28%
F FULLMETAL ALCHIMIST 2002
28%
B BLACK BUTLER 2007
27%
G GINTAMA 2004
27%
G GREAT TEATCHER ONIZUKA 1997
27%
I INAZUMA ELEVEN 2011
27%
M MASHLE 2020
27%
S SOLO LEVELING 2021
27%
B BLUE EXORCIST 2009
25%
O OVERLORD 2012
25%
D DETECTIVE CONAN 1996
24%
K KINGDOM 2006
24%
P PARASYTE 1990
24%
H HAJIME NO IPPO 1990
22%
H HELL'S PARADISE 2018
22%
G GAMBLING SCHOOL 2014
21%
K KAIJU 8 2020
21%
M MOB PSYCHO 100 2012
21%
M MONSTER 1994
21%
E ERASED 2013
19%
S SLAM DUNK 1990
18%
S SOUL EATER 2004 | 2008
18%
T THE PROMISED NEVERLAND 2016
18%
Y YOUR LIE IN APRIL 2011
18%
D DEATH PARADE 2015
16%
F FATE STAY NIGHT 2005
16%
M MOI QUAND JE ME REINCARNE EN SLIME 2015
16%
A AKAME GA KILL 2010
15%
D DARLING IN THE FRANX 2018
15%
N NO GAME NO LIFE 2012
15%
S STEINS GATE 2010
15%
H HORIMIYA 2012
13%
L LES CARNETS DE L'APOTHICAIRE 2017
13%
N NANA 2000
13%
Z ZOM 100 2023
13%
C CHARLOTTE 2015
12%
K KILL LA KILL 2013
12%
N NORAGAMI 2010
12%
P PSYCHO PASS 2013
12%
V VIOLET EVERGARDEN 2015
12%
A ANGEL BEATS 2010
10%
S SAIKI K 2012
10%
W WIND BREAKER 2021
10%
D DORORO 1971
9%
M MIRRAI NIKKI 2006
9%
S SHANGRI LA FRONTIERE 2020
9%
A AO ASHI 2015
7%
D DEVIL MAN CRY BABY 2018
7%
E EIGHTY SIX 2017
7%
E EYESHIELD 21 2002
7%
F FULLMETAL ALCHIMIST BROTHERHOOD 2009
7%
T TORIKO 2008
7%
K KENSHIN LE VAGABOND 1994
6%
B BUNNY GIRL SEMPAI 2014
4%
C CALL OF THE NIGHT 2019
4%
G GUREN LAGAN 2007
3%
S SERAPH OF THE END 2012
3%
B BLUE SPRING RIDE 2013
1%
G GOD OF HIGH SCHOOL 2011
1%
K KORUKO BASKET 2009
1%
L LINK CLICK 2021
1%
P PERSONA 2011
1%
A ARIFLURETA 2013
0%
C COBOW BEPOP 1998
0%
E EMINENCE OF SHADOW 2019
0%
K KAGUYA LOVE SAMA 2015
0%
M MUSHUKU TENSEI 2014
0%
T THE RISING OF SHIELD HERO 2013
0%
W WONDER EGG PRIORITY 2021
0%
Aucun quiz correspondant
Distribution des résultats
% des personnes avec chaque résultat
Percentile par nombre de réponses
Votre historique - résultats
Vous n’avez pas pris ce quiz depuis la dernière actualisation